| 000 | 00703nam a2200253Ia 4500 | ||
|---|---|---|---|
| 003 | OSt | ||
| 005 | 20220912152135.0 | ||
| 006 | a|||||r|||| 00| 0 | ||
| 007 | ta | ||
| 008 | 220909b |||||||| |||| 00| 0 eng d | ||
| 024 | _a58730 | ||
| 037 | _cTextual | ||
| 040 |
_aCSL _beng _cCSL |
||
| 041 | _aeng | ||
| 082 | _aE1:986-92zp1:N68, K9 | ||
| 100 | _aMargouies M Ed. | ||
| 111 | _aSYMPOSIUM ON PROTEIN AND POLYPEPTIDE HORMONES (1968 : Licge) | ||
| 245 | 0 | _aProcedding on protein and polypeptide hormones | |
| 260 | _c1968 | ||
| 300 |
_ap. _ccm. |
||
| 650 | _aPolypeptide hormones | ||
| 942 |
_hE1:986-92zp1:N68, K9 _cTEXL _2CC |
||
| 999 |
_c81451 _d81451 |
||